Destreza [juego] /
Guardado en:
| Formato: | Objeto Físico |
|---|---|
| Publicado: |
México :
Milton Bradley,
[200?]
|
| Materias: | |
| Etiquetas: |
Agregar Etiqueta
Sin Etiquetas, Sea el primero en etiquetar este registro!
|
| LEADER | 00781nrm a22001695g 4500 | ||
|---|---|---|---|
| 001 | CEM.cems019402 | ||
| 008 | 130507b200?####mx############0###0#####d | ||
| 005 | 20220830173147.0 | ||
| 245 | 0 | 0 | |a Destreza [juego] / |c Milton Bradley |
| 260 | |a México : |b Milton Bradley, |c [200?] | ||
| 300 | |a 1 juego (25 piezas plásticas geométricas, unidad de juego con cronómetro, charola) ; en caja 26 x 40 x 8 cm. + instrucciones. | ||
| 500 | |a Para 1 ó más jugadores a partir de 5 años objetivo: ser el más rápido en acomodar las 25 piezas en los espacios correspondientes de la charola. | ||
| 082 | 0 | 4 | |a J793.73 |
| 653 | |a 1. juegos de entretenimiento general | ||
| 653 | |a 2. juegos de coordinación | ||
| 653 | |a 3. juegos de rompecabezas | ||
| 859 | |a CEMS |b BIB. CEMS - Ludoteca |h J793.73 |i B728 |p 303.03 |t Ej.1 | ||
